El imperio británico: cómo Gran Bretaña forjó el orden mundial
Bewaard in:
| Hoofdauteur: | |
|---|---|
| Formaat: | Boek |
| Taal: | Spaans |
| Gepubliceerd in: |
Barcelona
Random House Mondadori
2006
|
| Editie: | 2a. ed |
| Reeks: | Debate
|
| Onderwerpen: | |
| Tags: |
Voeg label toe
Geen labels, Wees de eerste die dit record labelt!
|
MARC
| LEADER | 00000nam a2200000 a 4500 | ||
|---|---|---|---|
| 001 | UCG3991 | ||
| 003 | CL-VaPUC | ||
| 008 | 101004e20060300sp |||||||||||||||||spa|d | ||
| 020 | |a 8483066351 | ||
| 082 | 0 | 4 | |a 942.985 |b FER |2 21 |
| 100 | 0 | |a Ferguson, Niall |e author |9 553275 | |
| 245 | 1 | 3 | |a El imperio británico: cómo Gran Bretaña forjó el orden mundial |
| 250 | |a 2a. ed | ||
| 300 | |a 492 p | ||
| 942 | |c BK | ||
| 945 | |d 20101004 00:00:00 |a mfarfan | ||
| 260 | |a Barcelona |b Random House Mondadori |c 2006 | ||
| 650 | 0 | |a Historia de Inglaterra |9 376029 | |
| 650 | 7 | |a IMPERIO BRITANICO |2 CL-VaPUC |9 435477 | |
| 650 | 7 | |a COLONIAS INGLESAS |2 CL-VaPUC |9 433674 | |
| 583 | |a last modification |c 20171211 01:04:05 |k Rodrigo Vera | ||
| 490 | 0 | |a Debate | |
| 999 | |c 342900 |d 342898 | ||
| 952 | |0 0 |1 0 |4 0 |6 942_985000000000000_FER_2006 |7 0 |8 A |9 439593 |a BIBHIS |b BIBHIS |d 2019-11-22 |i 4722671 |l 2 |o 942.985 FER 2006 |p 4722671 |r 2025-01-20 |s 2024-06-28 |w 2019-11-22 |y BK |k HIS | ||